Ipswich Town Players to Score 10+ Goals in a Top-Flight Season - Statistics

General Stats
  • This quiz has been taken 535 times
    294 since last reset
  • The average score is 11 of 17
Answer Stats
Player % Correct
Liam Delap
96%
Marcus Stewart
96%
John Wark
92%
Paul Mariner
91%
Alan Brazil
87%
Ray Crawford
85%
Eric Gates
74%
Ted Phillips
72%
David Johnson
68%
Trevor Whymark
67%
Chris Kiwomya
64%
Ian Marshall
55%
Colin Viljoen
37%
Bryan Hamilton
30%
Doug Moran
13%
Gerry Baker
13%
John O'Rourke
12%
No matching quizzes found
Score Distribution
Percent of People with Each Score
Percentile by Number Answered
Your Score History
You have not taken this quiz since the last reset